Biochemistry of metabolic process (Record no. 395230)

MARC details
000 -LEADER
fixed length control field 00540 a2200217 4500
005 - DATE & TIME
control field 20260407130212.0
008 - FIXED-LENGTH DATA ELEMENTS--GENERAL INFORMATION
fixed length control field 260407b |||||||| |||| 00| 0 eng d
020 ## - ISBN
International Standard Book Number 9788119684052
Price Rs. 1950.00
040 ## - CATALOGING SOURCE
Original cataloging agency VIVEKANANDA LIBRARY
082 ## - DDC NUMBER
Classification number 572.4
Book Number H95B
100 ## - MAIN ENTRY--PERSONAL NAME
Personal name Husain, Arbab
245 ## - TITLE STATEMENT
Title Biochemistry of metabolic process
260 ## - PUBLICATION, DISTRIBUTION, ETC. (IMPRINT)
Name of publisher, distributor, etc Book Enclave
Date of publication, distribution, etc 2025
Place of publication, distribution, etc Jaipur
300 ## - PHYSICAL DESCRIPTION
Pages x, 260
650 ## - Subject
Subject Life Sciences
650 ## - Subject
Subject Biochemistry
650 ## - Subject
Subject Metabolism
700 ## - Added Entry Personal Name
Added Entry Personal Name Khanam, Afreen
700 ## - Added Entry Personal Name
Added Entry Personal Name Kant, Ravi
942 ## - ADDED ENTRY ELEMENTS (KOHA)
Koha item type Books
Holdings
Withdrawn status Lost status Source of classification or shelving scheme Damaged status Not for loan Location (home branch) Sublocation or collection (holding branch) Shelving location Date acquired Koha issues (times borrowed) Koha full call number Accession No. Koha date last seen Koha item type
    Dewey Decimal Classification     VIVEKANANDA LIBRARY VIVEKANANDA LIBRARY Vivekananda Library 02/02/2026   572.4 H95B 444982 02/02/2026 Books
© Designed and Maintained by Vivekananda Library, MDU Rohtak